2022 FIFA World Cup Teams - Sudden Death - Statistics

General Stats
  • This quiz has been taken 687 times
  • The average score is 15 of 32
Answers on the Grid
Answers color-coded by a green-red scale on the quiz's grid according to % correct below.
Algeria
Argentina
Australia
Austria
Belgium
Brazil
Cameroon
Canada
Chile
China
Colombia
Costa Rica
Croatia
Denmark
Ecuador
Egypt
El Salvador
England
Ethiopia
Fiji
France
Georgia
Germany
Ghana
Honduras
Hungary
Iceland
India
Indonesia
Iran
Ireland
Israel
Italy
Jamaica
Japan
Jordan
Kenya
Mali
Mexico
Morocco
Netherlands
New Zealand
Nigeria
North Korea
Norway
Panama
Paraguay
Peru
Poland
Portugal
Qatar
Romania
Russia
Saudi Arabia
Scotland
Senegal
Serbia
Slovakia
Slovenia
South Korea
Spain
Sweden
Switzerland
Tunisia
Turkey
Ukraine
United States
Uruguay
Venezuela
Vietnam
Wales
Zambia
 
Answer Stats
Answer % Correct
Argentina
96%
Brazil
80%
Belgium
76%
Australia
72%
England
59%
Canada
58%
France
58%
Germany
58%
Croatia
55%
Cameroon
48%
Denmark
48%
Netherlands
46%
Mexico
45%
Spain
45%
Morocco
44%
United States
44%
Japan
43%
Portugal
43%
Qatar
42%
Iran
40%
Poland
40%
South Korea
40%
Ecuador
39%
Wales
38%
Ghana
37%
Saudi Arabia
37%
Senegal
37%
Uruguay
36%
Costa Rica
35%
Serbia
35%
Switzerland
35%
Tunisia
30%
No matching quizzes found
Score Distribution
Percent of People with Each Score
Percentile by Number Answered
Your Score History
You have not taken this quiz